000 01084cam a2200325 i 4500
003 EG-ScBUE
005 20240908110829.0
008 051103t2006 maua f b 001 0 eng d
020 _a0763737984
020 _a9780763737986
040 _aDLC
_beng
_erda
_cDLC
_dYDX
_dBAKER
_dDLC
_dEG-ScBUE
082 0 4 _a511.131
_222
_bLIN
100 1 _aLinz, Peter,
_eauthor.
_913062
245 1 3 _aAn introduction to formal languages and automata /
_cPeter Linz, University of California at Davis.
250 _aFourth edition.
264 1 _aSudbury, Mass. :
_bJones and Bartlett Publishers,
_c[2006]
264 4 _cc2006
300 _axiii, 415 pages :
_billustrations ;
_c24 cm
336 _2rdacontent
_atext
_btxt
337 _aunmediated
_2rdamedia
_bn
338 _avolume
_bnc
_2rdacarrier
504 _aIncludes bibliographical references and index.
650 7 _aFormal languages.
_913063
_2BUEsh
650 7 _aMachine theory.
_913064
_2BUEsh
651 _2BUEsh
653 _bCOMSCI
_cMay2019
655 _vReading book
942 _2ddc
_cBB
999 _c13766
_d13766